|
|
|
|
| LEADER |
00000nam0a2200000 4500 |
| 001 |
17972 |
| 005 |
20231030191119.0 |
| 010 |
|
|
|a 525001254X
|
| 035 |
|
|
|a (RuTPU)RU\TPU\book\18120
|
| 035 |
|
|
|a BOOK00002808
|
| 090 |
|
|
|a 17972
|
| 100 |
|
|
|a 20011209d1992 km y0rusy50 ca
|
| 101 |
0 |
|
|a rus
|
| 102 |
|
|
|a RU
|
| 105 |
|
|
|a a g 000zy
|
| 200 |
1 |
|
|a Япония
|h Ч. 1
|e Справочник
|e В 2-х ч.
|
| 210 |
|
|
|a Москва
|c Республика
|d 1992
|
| 215 |
|
|
|a 543 с.
|c ил.
|
| 610 |
1 |
|
|a политика
|
| 610 |
1 |
|
|a экономика
|
| 610 |
1 |
|
|a культура
|
| 610 |
1 |
|
|a история
|
| 610 |
1 |
|
|a наука
|
| 610 |
1 |
|
|a здравоохранение
|
| 610 |
1 |
|
|a право
|
| 610 |
1 |
|
|a справочники
|
| 686 |
|
|
|a Ф2(5Я)я2
|v LBC/SL-A
|2 rubbk
|
| 686 |
|
|
|a У9(5Я)я2
|v LBC/SL-A
|2 rubbk
|
| 801 |
|
0 |
|a RU
|b 63413507
|c 20011209
|g PSBO
|
| 801 |
|
2 |
|a RU
|b 63413507
|c 20230628
|g PSBO
|
| 942 |
|
|
|c BK
|